[Event "Olympiad Women 2024"]
[Site "Budapest HUN"]
[Date "2024.09.16"]
[Round "6.8"]
[Board "4"]
[White "Sedina, Elena"]
[Black "Klek, Hanna Marie"]
[Result "0-1"]
[WhiteElo "2196"]
[BlackElo "2296"]
[PlyCount "66"]
[EventDate "2024.09.11"]
[WhiteTeam "Italy"]
[BlackTeam "Germany"]
[WhiteTeamCountry "ITA"]
[BlackTeamCountry "GER"]

1. e4 e5 2. Nf3 Nc6 3. Bc4 Bc5 4. c3 Nf6 5. d4 exd4 6. e5 d5 7. Bb5 Ne4 8. cxd4 Bb6 9. Nc3 O-O 10. Be3 Bg4 11. h3 Bh5 12. Qc2 Ba5 13. O-O Bxf3 14. gxf3 Ng5 15. Kg2 Bxc3 16. Qxc3 Ne6 17. Bxc6 bxc6 18. Qxc6 Rb8 19. f4 $146 ({RR} 19. Qc3 c5 20. Rfd1 cxd4 21. Bxd4 Nf4+ 22. Kf1 Qd7 23. Qa3 Rfc8 24. Bc3 Qxh3+ 25. Ke1 Qxf3 26. Qa6 Rc4 {0-1 Alinasab,M (2317)-Yildiz Kadioglu,B (2362) FIDE World Cup (Women) 2021 (1.1)}) ({RR} 19. b3 Rb6 20. Qc2 f5 21. f4 Qh4 22. Qd3 g5 23. fxg5 f4 24. Bd2 Nxg5 25. Rg1 Rg6 26. Kh2 Qxf2+ 27. Kh1 Ne4 28. Rxg6+ hxg6 29. Be1 Qxe1+ 30. Rxe1 Nf2+ 31. Kg1 Nxd3 32. Rd1 Nb4 33. Rc1 Nxa2 {0-1 Jones,S (2174)-Seymour,T (2094) English Open 2023 (3.17)}) 19... Rb6 20. Qc2 f5 21. Kh2 Qh4 22. Qd2 g5 23. f3 gxf4 24. Rg1+ Kh8 25. Bf2 Qh5 26. h4 Rfb8 27. b3 Qxf3 28. Rac1 Rg8 29. Rc3 Qe4 30. Rxg8+ Kxg8 31. Rc1 Kf7 32. Re1 Qf3 33. Qe2 Nxd4 0-1

[Event "Olympiad Women 2024"]
[Site "Budapest HUN"]
[Date "2024.09.16"]
[Round "6.9"]
[Board "1"]
[White "Francisco Guecamburu, Candela Be"]
[Black "Khademalsharieh, Sarasadat"]
[Result "0-1"]
[WhiteElo "2294"]
[BlackElo "2468"]
[PlyCount "80"]
[EventDate "2024.09.11"]
[WhiteTeam "Argentina"]
[BlackTeam "Spain"]
[WhiteTeamCountry "ARG"]
[BlackTeamCountry "ESP"]

1. e4 e5 2. Nf3 Nc6 3. Bc4 Nf6 4. Ng5 d5 5. exd5 Na5 6. Bb5+ c6 7. dxc6 bxc6 8. Qf3 Be7 9. Bd3 h6 10. Ne4 Nd5 11. Ng3 O-O 12. Bf5 ({RR} 12. O-O Nb4 13. Nf5 Bg5 14. Be4 g6 15. Ng3 f5 16. Qc3 Nd5 17. Bxd5+ cxd5 18. d4 f4 19. dxe5 fxg3 20. Qxg3 Bf5 21. Na3 Bxc1 22. Raxc1 Qb6 23. b3 Rac8 24. Qh4 Nc6 25. Rfe1 Rfe8 26. c4 Nxe5 {0-1 Movsesian,J (2276)-Piddubna,B (2005) 24th ch-EUR Indiv w 2024 (2.51)}) 12... Ba6 13. a3 $146 ({RR} 13. d3 Nb7 14. Nc3 Nxc3 15. bxc3 Qa5 16. Bd2 Qa4 17. O-O Nd6 18. Rfe1 Qxc2 19. Bxh6 gxh6 20. d4 Nxf5 21. Nxf5 Bg5 22. h4 Bc8 23. Rxe5 Bxf5 24. hxg5 Bg6 25. gxh6 Kh7 26. Qf6 Rg8 27. Re3 Qf5 {0-1 Piwowar,M (1906)-Seppala,A (2048) Heart of Finland op 28th 2018 (5)}) 13... Bg5 14. Ne4 g6 15. Nc5 gxf5 16. Nxa6 Qf6 17. g3 e4 18. Qe2 Qg7 19. Nc3 Rae8 20. Nxd5 cxd5 21. Qb5 Nc4 22. Qxd5 Ne5 23. Qb5 Bxd2+ 24. Bxd2 Nf3+ 25. Kf1 Nxd2+ 26. Kg2 Qg4 27. Rhe1 f4 28. h3 Qf3+ 29. Kg1 fxg3 30. Re2 Re6 31. fxg3 Rg6 32. g4 Qg3+ 33. Rg2 Nf3+ 34. Kf1 Qxh3 35. Qh5 Nd2+ 36. Kg1 Qe3+ 37. Kh1 Rxa6 38. g5 Rg6 39. Rag1 Kh7 40. Rg3 Nf3 0-1

[Event "Olympiad Women 2024"]
[Site "Budapest HUN"]
[Date "2024.09.16"]
[Round "6.9"]
[Board "2"]
[White "Vega Gutierrez, Sabrina"]
[Black "Campos, Maria Jose"]
[Result "1-0"]
[WhiteElo "2374"]
[BlackElo "2252"]
[PlyCount "55"]
[EventDate "2024.09.11"]
[WhiteTeam "Spain"]
[BlackTeam "Argentina"]
[WhiteTeamCountry "ESP"]
[BlackTeamCountry "ARG"]

1. e4 e5 2. Nf3 Nc6 3. Nc3 Nf6 4. Bb5 Nd4 5. O-O Nxb5 6. Nxb5 c6 7. Nc3 d6 8. d4 Qc7 9. Bg5 Be7 10. a4 Bg4 11. Bxf6 Bxf6 12. d5 O-O 13. h3 Bd7 ({RR} 13... Bxf3 14. Qxf3 c5 15. a5 a6 16. Nb1 Bg5 17. Qh5 Qd8 18. Ra3 g6 19. Qe2 f5 20. exf5 gxf5 21. Qh5 Kh8 22. Rb3 Qe7 23. Na3 f4 24. Nc4 e4 25. Nxd6 Qxd6 26. Qxg5 b5 27. axb6 c4 28. Rc3 {1-0 Antal,G (2557)-Wartiovaara,O (2309) Riga Tech Open A 2024 (8.20)}) 14. Qd3 Rad8 $146 ({RR} 14... Be7 15. a5 f5 16. Nd2 c5 17. a6 fxe4 18. Ndxe4 c4 19. Qe2 b5 20. Na2 Rf4 21. Nb4 Raf8 22. Ra3 Qb8 23. b3 Bd8 24. bxc4 bxc4 25. c3 Bb6 26. Kh2 Bf5 27. Ng3 Bd3 28. Nxd3 cxd3 29. Qxd3 {½-½ Chesters,T-Sedykh,M (2119) BCF-chT2 2021 (4NCL) online 2020 (4.111)}) ({RR} 14... Rfd8 15. Rfd1 Be8 16. a5 a6 17. Nd2 c5 18. Nc4 Rab8 19. Nb6 g6 20. Rab1 Kg7 21. Qc4 Qe7 22. b4 cxb4 23. Rxb4 h5 24. Rdb1 Bg5 25. Qd3 h4 26. Ne2 Bb5 27. c4 Be8 28. R4b2 Qc7 29. Nc1 {1-0 Yu Yangyi (2735)-Moussard,J (2654) 56th Biel GM Rapid 2023 (2.3)}) 15. a5 c5 16. Rfd1 g6 17. Qc4 Bg7 18. Ra3 Bh6 19. Ne1 f5 20. Nd3 Rc8 21. Nxe5 Bg7 22. Nc6 Bxc3 23. Rxc3 Rce8 24. e5 Bc8 25. exd6 Qxd6 26. Nxa7 Bd7 27. Nb5 Qf6 28. Qxc5 1-0

[Event "Olympiad Women 2024"]
[Site "Budapest HUN"]
[Date "2024.09.16"]
[Round "6.9"]
[Board "3"]
[White "Borda Rodas, Anapaola S."]
[Black "Matnadze Bujiashvili, Ann"]
[Result "1/2-1/2"]
[WhiteElo "2216"]
[BlackElo "2338"]
[PlyCount "99"]
[EventDate "2024.09.11"]
[WhiteTeam "Argentina"]
[BlackTeam "Spain"]
[WhiteTeamCountry "ARG"]
[BlackTeamCountry "ESP"]

1. e4 e5 2. Nf3 d6 3. d4 exd4 4. Nxd4 Be7 5. c4 Nf6 6. Nc3 O-O 7. Bd3 Nc6 8. Nxc6 bxc6 9. O-O Re8 10. h3 $146 ({RR} 10. f4 Nd7 11. Qf3 Rb8 12. b3 Bf6 13. Bb2 Bd4+ 14. Kh1 Qf6 15. Rac1 Nc5 16. Bb1 Qh4 17. h3 f5 18. e5 dxe5 19. fxe5 Rxe5 20. Nd1 Bxb2 21. Nxb2 Ne4 22. Kh2 c5 23. Nd3 Re8 24. Rce1 Bb7 {1-0 Navia,E (2053)-Ladron de Guevara Pinto,P (2404) Titled Tue 20th Jun Late 2023 (2)}) 10... Nd7 11. Be3 Bf6 12. Rc1 Ne5 13. Be2 Ng6 14. c5 Rb8 15. b3 a5 16. Bd3 dxc5 17. Bxc5 Be5 18. Be3 Qh4 19. Qf3 Re6 20. Qg4 Qf6 21. Bg5 Rd6 22. Bxf6 Bxg4 23. Bxe5 Nxe5 24. Bb1 Bc8 25. f4 Ng6 26. e5 Rd4 27. Rcd1 c5 28. Bxg6 hxg6 29. Ne2 Rxd1 30. Rxd1 Ba6 31. Nc3 c4 32. bxc4 Bxc4 33. Rd7 Rc8 34. Kf2 Be6 35. Rd2 Kf8 36. Ne4 Ke7 37. Nc5 Rb8 38. Na6 Rc8 39. Rc2 c6 40. Rc5 Bxa2 41. Rxa5 Bd5 42. Nc5 Rb8 43. Ra7+ Ke8 44. Nb7 Kf8 45. g4 Re8 46. Nc5 Kg8 47. h4 Rb8 48. Nb7 Re8 49. Kg3 Re7 50. Ra8+ 1/2-1/2

[Event "Olympiad Women 2024"]
[Site "Budapest HUN"]
[Date "2024.09.16"]
[Round "6.9"]
[Board "4"]
[White "Calzetta Ruiz, Monica"]
[Black "Sarquis, Maria Belen"]
[Result "1-0"]
[WhiteElo "2199"]
[BlackElo "2172"]
[PlyCount "84"]
[EventDate "2024.09.11"]
[WhiteTeam "Spain"]
[BlackTeam "Argentina"]
[WhiteTeamCountry "ESP"]
[BlackTeamCountry "ARG"]

1. e4 e5 2. Nf3 Nc6 3. Bb5 a6 4. Ba4 d6 5. O-O Bd7 6. c3 g6 7. d4 Bg7 8. Be3 Nf6 9. Nbd2 Ng4 10. Bb3 $146 ({RR} 10. Bg5 Bf6 11. Bxf6 Qxf6 12. h3 Nh6 13. Bxc6 Bxc6 14. dxe5 dxe5 15. Nc4 Bxe4 16. Ncxe5 Bxf3 17. Qd7+ Kf8 18. Nxf3 Qd8 19. Rad1 Kg7 20. Rfe1 Nf5 21. Ne5 Rf8 22. Qa4 Nd6 23. Nd7 Rg8 24. Qd4+ f6 {1-0 Rodin,D (2428)-Zhurikhin,A (2134) Lysenko Memorial op 2009 (1)}) ({RR} 10. Bg5 f6 11. Bh4 Qe7 12. b4 h5 13. Bg3 O-O 14. Re1 Nh6 15. Nf1 g5 16. Bb3+ Kh7 17. dxe5 Nxe5 18. Bxe5 fxe5 19. Ne3 g4 20. Nd2 h4 21. Qe2 Qg5 22. Rf1 g3 23. fxg3 hxg3 24. h3 b5 {½-½ Yu,Y (2751)-Mamedyarov,S (2799) Huaian IMSA Basque 2nd rapid 2017 (3.2)}) ({RR} 10. Bg5 f6 11. Bh4 h5 12. Bg3 g5 13. h4 Qe7 14. b4 Nh6 15. dxe5 dxe5 16. Re1 Nf7 17. Nh2 O-O-O 18. Nhf1 f5 19. exf5 gxh4 20. Bh2 h3 21. Ne3 Nd6 22. Qf3 hxg2 23. Ne4 Nxe4 24. Qxe4 Bh6 {1-0 Klimkowski,J (2518)-Kacharava,N (2527) 7th Sharjah Masters 2024 (8.41)}) ({RR} 10. Bg5 f6 11. Bh4 g5 12. Bg3 h5 13. h4 Qe7 14. d5 Nd8 15. Bxd7+ Qxd7 16. c4 Nf7 17. Rc1 Ngh6 18. Qc2 g4 19. Ne1 f5 20. exf5 Nxf5 21. Ne4 O-O 22. Nd3 Nh8 23. c5 Bh6 24. c6 bxc6 {0-1 Zou,C (2361)-Tabatabaei,M (2587) Longtou Cup 1st 2018 (3)}) 10... Nxe3 11. fxe3 O-O 12. Qe2 Qe7 13. a4 Kh8 14. Qf2 Na5 15. Ba2 c5 16. d5 b5 17. b4 Nb7 18. axb5 axb5 19. Bb3 Bh6 20. Rfe1 Qd8 21. Nf1 cxb4 22. cxb4 Rxa1 23. Rxa1 Qb6 24. h4 f6 25. Bd1 Kg7 26. N3h2 f5 27. exf5 gxf5 28. Nf3 Rc8 29. Ng5 Rc4 30. Ra8 Nd8 31. Qg3 f4 32. Ne6+ Kf6 33. Qg8 Nxe6 34. dxe6 Bxe6 35. Qxh7 Bg7 36. Bh5 Bf7 37. Bxf7 Kxf7 38. Qh5+ Kf6 39. Qg5+ Kf7 40. Qh5+ Kf6 41. Re8 Qa7 42. Qg4 fxe3 1-0

[Event "Olympiad Women 2024"]
[Site "Budapest HUN"]
[Date "2024.09.16"]
[Round "6.10"]
[Board "1"]
[White "Linares Napoles, Oleiny"]
[Black "Kamalidenova, Meruert"]
[Result "0-1"]
[WhiteElo "2201"]
[BlackElo "2352"]
[PlyCount "86"]
[EventDate "2024.09.11"]
[WhiteTeam "Cuba"]
[BlackTeam "Kazakhstan"]
[WhiteTeamCountry "CUB"]
[BlackTeamCountry "KAZ"]

1. c4 Nf6 2. g3 g6 3. Bg2 Bg7 4. Nc3 O-O 5. e4 c5 6. Nge2 Nc6 7. d3 a6 8. O-O Rb8 9. Bg5 $146 ({RR} 9. Be3 d6 10. Rb1 b5 11. b3 b4 12. Nd5 Ng4 13. Bc1 e6 14. Ne3 Nf6 15. f4 Qb6 16. g4 Nd4 17. f5 exf5 18. gxf5 Bb7 19. Nxd4 cxd4 20. Ng4 Nxg4 21. Qxg4 Bc8 22. Qf4 f6 23. fxg6 hxg6 {1-0 Holub,A (1746)-Vavrinec,T (1927) Ricany op 2020 (9)}) ({RR} 9. a4 Ne8 10. Be3 d6 11. d4 cxd4 12. Nxd4 Nc7 13. Qd2 Bd7 14. h3 Na5 15. Qd3 Ne6 16. Nxe6 fxe6 17. Rad1 b6 18. b4 Nc6 19. Na2 a5 20. b5 Ne5 21. Qe2 Rc8 22. Rc1 Qc7 23. Rc2 Be8 {1-0 Duda,J (2729)-Bernadskiy,V (2609) Titled Tue 17th Jan Late 2023 (4)}) ({RR} 9. a4 Ne8 10. Be3 Nd4 11. Rb1 b5 12. cxb5 axb5 13. Bxd4 cxd4 14. Nxb5 Ba6 15. Nbxd4 Rb4 16. Nc2 Rxa4 17. Qd2 Nd6 18. Nc3 Ra5 19. b4 Rh5 20. Bf3 Bxc3 21. Qxc3 Rb5 22. e5 Nf5 23. Na3 Rb8 {1-0 Erigaisi,A (2738)-Henriquez Villagra,C (2591) Titled Tue 23rd Jan Early 2024 (11)}) ({RR} 9. Be3 d6 10. h3 b5 11. f4 Nd7 12. Qd2 Nb6 13. cxb5 axb5 14. e5 Bd7 15. Rac1 dxe5 16. Bxc5 exf4 17. Qxf4 Na4 18. Nxa4 bxa4 19. Rc2 Ne5 20. Qe3 Bc6 21. Bxc6 Nxc6 22. Qe4 Qd7 23. Rd1 Rfc8 {0-1 Reshko,A-Bykov,V Leningrad-ch36 Final 1963}) 9... b5 10. Qd2 Re8 11. Rac1 d6 12. b3 Bg4 13. h3 Bd7 14. Bh6 Bh8 15. f4 b4 16. Nd1 e6 17. g4 Qc7 18. Ne3 Bc8 19. Rf2 Nd7 20. Rcf1 f6 21. f5 Nde5 22. fxe6 Bxe6 23. Nf4 Qd8 24. Nxe6 Rxe6 25. g5 Nf7 26. Ng4 Nce5 27. Nxf6+ Bxf6 28. gxf6 Nxh6 29. Qxh6 Rb7 30. Qg5 Rf7 31. h4 Qf8 32. Bh3 h6 33. Qe3 Rexf6 34. Rxf6 Rxf6 35. Rxf6 Qxf6 36. Qxh6 Nxd3 37. e5 Qf2+ 38. Kh1 Qe1+ 39. Kg2 Qe4+ 40. Kg1 Nf4 41. Bf1 Qe3+ 42. Kh1 Qf2 43. Bh3 Qf3+ 0-1

[Event "Olympiad Women 2024"]
[Site "Budapest HUN"]
[Date "2024.09.16"]
[Round "6.10"]
[Board "2"]
[White "Balabayeva, Xeniya"]
[Black "Arribas Robaina, Maritza"]
[Result "1-0"]
[WhiteElo "2335"]
[BlackElo "2143"]
[PlyCount "73"]
[EventDate "2024.09.11"]
[WhiteTeam "Kazakhstan"]
[BlackTeam "Cuba"]
[WhiteTeamCountry "KAZ"]
[BlackTeamCountry "CUB"]

1. d4 d5 2. Bf4 Nf6 3. e3 e6 4. Nf3 Bd6 5. Bg3 O-O 6. Nbd2 c5 7. c3 Qc7 8. Bxd6 ({RR} 8. Bd3 Nbd7 9. Bh4 b6 10. O-O Bb7 11. Qb1 h6 12. Re1 Rac8 13. a3 Rfe8 14. b4 cxd4 15. cxd4 Qb8 16. Qb2 Rc7 17. Bg3 Bxg3 18. hxg3 Rec8 19. Rac1 Ne8 20. g4 Nd6 21. g5 Nc4 22. Bxc4 dxc4 {1-0 Dubov,D (2720)-Tang,A (2508) Titled Tuesday intern op 15th Feb Late blitz 2022 (8)}) 8... Qxd6 9. Ne5 Nfd7 10. Ndf3 f6 $146 ({RR} 10... Nc6 11. Nxd7 Bxd7 12. Qb3 c4 13. Qc2 b5 14. Be2 Rab8 15. a3 a5 16. O-O b4 17. axb4 axb4 18. e4 b3 19. Qc1 Ra8 20. Qe3 Ra2 21. e5 Qc7 22. Rxa2 bxa2 23. Ra1 Ra8 24. Bd1 Qb8 25. Qd2 {½-½ Kovalev,V (2559)-Zerey,D (2038) 10th Cesme Open A 2024 (7.2)}) 11. Nxd7 Nxd7 12. Be2 b6 13. O-O Bb7 14. c4 Rfd8 15. Rc1 Kh8 16. dxc5 Nxc5 17. b4 Ne4 18. Qb3 dxc4 19. Bxc4 e5 20. Rfd1 Qe7 21. Bd5 Bxd5 22. Rxd5 Rac8 23. Rxd8+ Rxd8 24. h3 g6 25. Qc2 Nd6 26. Qb3 Kg7 27. Rc6 Nf7 28. Qc4 Rd6 29. b5 Rxc6 30. Qxc6 Nd8 31. Qd5 Nf7 32. g4 Qd6 33. Qb7 Qb4 34. g5 Qxb5 35. Qxa7 Qc6 36. gxf6+ Kxf6 37. Qxf7+ 1-0

[Event "Olympiad Women 2024"]
[Site "Budapest HUN"]
[Date "2024.09.16"]
[Round "6.10"]
[Board "3"]
[White "Miranda Llanes, Yerisbel"]
[Black "Nurman, Alua"]
[Result "0-1"]
[WhiteElo "2294"]
[BlackElo "2324"]
[PlyCount "68"]
[EventDate "2024.09.11"]
[WhiteTeam "Cuba"]
[BlackTeam "Kazakhstan"]
[WhiteTeamCountry "CUB"]
[BlackTeamCountry "KAZ"]

1. d4 d5 2. c4 e6 3. Nc3 Nf6 4. cxd5 exd5 5. Bg5 c6 6. e3 h6 7. Bh4 Be7 8. Bd3 O-O 9. Bg3 Re8 10. h3 Bd6 11. Nge2 Bxg3 12. Nxg3 Nbd7 ({RR} 12... c5 13. dxc5 d4 14. Nce4 dxe3 15. O-O Nxe4 16. Nxe4 Nc6 17. fxe3 Re5 18. Qb3 Be6 19. Qc3 Bd5 20. Rad1 Qe7 21. Nd6 Qg5 22. e4 Be6 23. Bc4 Rxc5 24. Nxf7 Bxf7 25. Bxf7+ Kh8 26. Qd2 Qxd2 27. Rxd2 {1-0 Ioannidis,E (2501)-Papadopoulos,G (2291) 51st TCh-GRE 2024 (4.1)}) 13. O-O a5 $146 ({RR} 13... Nf8 14. b4 a6 15. a4 Ne6 16. Rb1 Ng5 17. b5 axb5 18. axb5 Qd6 19. bxc6 bxc6 20. Bf5 Ba6 21. Re1 g6 22. Bc2 Bc8 23. f4 Ne6 24. Qf3 c5 25. f5 Ng5 26. Qf4 Qxf4 27. exf4 Rxe1+ 28. Rxe1 {1-0 Rakhmanov,A (2614)-Khismatullin,D (2579) Titled Tue 28th Nov Early 2023 (9)}) 14. Nf5 Nf8 15. Rc1 Ng6 16. Ng3 Nh4 17. Na4 Rb8 18. a3 Qd6 19. Re1 b6 20. e4 dxe4 21. Nxe4 Nxe4 22. Rxe4 Rxe4 23. Bxe4 Bd7 24. Qc2 Qf4 25. g3 Qg5 26. Kh2 Bf5 27. Bxf5 Nxf5 28. h4 Qg4 29. Qxc6 Nxd4 30. Qd6 Nf3+ 31. Kg2 Nxh4+ 32. Kh2 Re8 33. gxh4 Qxh4+ 34. Kg2 Qg5+ 0-1

[Event "Olympiad Women 2024"]
[Site "Budapest HUN"]
[Date "2024.09.16"]
[Round "6.10"]
[Board "4"]
[White "Kairbekova, Amina"]
[Black "Forgas Moreno, Yaniela"]
[Result "1-0"]
[WhiteElo "2243"]
[BlackElo "2203"]
[PlyCount "103"]
[EventDate "2024.09.11"]
[WhiteTeam "Kazakhstan"]
[BlackTeam "Cuba"]
[WhiteTeamCountry "KAZ"]
[BlackTeamCountry "CUB"]

1. e4 c6 2. d4 d5 3. e5 Bf5 4. Nf3 e6 5. Be2 Bg6 6. O-O Nh6 7. a4 ({RR} 7. Bxh6 gxh6 8. c4 Bg7 9. Nc3 O-O 10. Qb3 Qb6 11. Qa3 Na6 12. c5 Qb4 13. Qxb4 Nxb4 14. a3 Na6 15. Bxa6 bxa6 16. Nd2 Rab8 17. b3 a5 18. Ra2 f6 19. f4 fxe5 20. fxe5 h5 21. Rxf8+ Bxf8 {0-1 Sadhwani,R (2654)-Bernadskiy,V (2566) Chessable Masters Play-In 2024 (9)}) 7... Be7 8. c3 ({RR} 8. a5 O-O 9. Bxh6 gxh6 10. Qd2 Nd7 11. c3 h5 12. b4 f6 13. Na3 Qc7 14. Qe3 fxe5 15. Nxe5 Nxe5 16. dxe5 a6 17. Rac1 c5 18. Nc2 Kh8 19. bxc5 Bxc2 20. Rxc2 Bxc5 21. Qh6 Qxe5 22. Bd3 Rf7 {0-1 Grischuk,A (2777)-Artemiev,V (2731) Wch Blitz Moscow 2019 (5)}) 8... O-O 9. a5 Nd7 $146 ({RR} 9... c5 10. Bxh6 gxh6 11. Nbd2 Nc6 12. Qa4 Rc8 13. a6 b6 14. Bb5 Qc7 15. Rfe1 cxd4 16. Rac1 d3 17. Qf4 Kg7 18. h4 h5 19. Re3 Bc5 20. Nd4 Ne7 21. Bxd3 Bxd4 22. Qxd4 Nc6 23. Qf4 f6 24. exf6+ {1-0 Abdusattorov,N (2627)-Artemiev,V (2716) Titled Tuesday intern op 26th May blitz 2020 (10)}) 10. Bxh6 gxh6 11. Ne1 f6 12. Bg4 fxe5 13. Bxe6+ Kh8 14. Bxd7 Qxd7 15. dxe5 Qe6 16. Qe2 Rae8 17. f4 Bc5+ 18. Kh1 Qf5 19. Nd2 Bh5 20. Ndf3 Qxf4 21. Nd3 Qe4 22. Qd1 Be7 23. Ra4 Qe3 24. Nde1 Bg6 25. Nc2 Qd3 26. Ncd4 Bg5 27. Qa1 c5 28. Rd1 Qa6 29. Nb3 Bc2 30. Nxc5 Qc6 31. b4 Bxd1 32. Qxd1 Be3 33. Ra1 Bxc5 34. bxc5 Qxc5 35. Qd2 Rc8 36. Qxh6 Qxc3 37. Rf1 Qd3 38. Rc1 Qg6 39. Qd2 Rxc1+ 40. Qxc1 Qe4 41. h3 d4 42. Qc5 Kg7 43. Qe7+ Kg8 44. Qe6+ Kh8 45. Qe7 Qf4 46. Qxb7 d3 47. e6 Rb8 48. Qd7 Rb1+ 49. Ng1 Qe3 50. Qe8+ Kg7 51. Qf7+ Kh6 52. Qf6+ 1-0

[Event "Olympiad Women 2024"]
[Site "Budapest HUN"]
[Date "2024.09.16"]
[Round "6.11"]
[Board "1"]
[White "Stefanova, Antoaneta"]
[Black "Theissl Pokorna, Regina"]
[Result "1/2-1/2"]
[WhiteElo "2416"]
[BlackElo "2302"]
[PlyCount "43"]
[EventDate "2024.09.11"]
[WhiteTeam "Bulgaria"]
[BlackTeam "Austria"]
[WhiteTeamCountry "BUL"]
[BlackTeamCountry "AUT"]

1. e4 e5 2. Nf3 Nc6 3. Nc3 Nf6 4. Bb5 Bb4 5. O-O O-O 6. Bxc6 dxc6 7. d3 Re8 8. Ne2 Bf8 ({RR} 8... Bd6 9. Ng3 c5 10. b3 Nd7 11. Nd2 Nf8 12. a4 Ng6 13. Nc4 Bf8 14. Kh1 b6 15. Qh5 a6 16. Ne2 Be6 17. f4 exf4 18. Nxf4 Nxf4 19. Bxf4 b5 20. Ne3 g6 21. Qf3 Bg7 22. Rad1 Qd7 23. axb5 {½-½ Grischuk,A (2745)-Deac,B (2700) PRO League Prelim 2023 (3.4)}) 9. h3 ({RR} 9. Ng3 g6 10. h3 Bg7 11. Be3 h6 12. Qd2 Kh7 13. Nh2 Be6 14. f4 exf4 15. Bxf4 Nd7 16. Rae1 c5 17. Ne2 Ne5 18. Kh1 Qd7 19. Qe3 b6 20. Ng1 Rad8 21. Ngf3 Nxf3 22. Nxf3 a5 23. b3 a4 {1-0 Rey Martinez,J (2266)-Bochnicka,V (2343) Titled Tue 20th Aug Late 2024 (2)}) 9... a5 $146 ({RR} 9... c5 10. b3 c6 11. Be3 Qd6 12. Nd2 Qc7 13. f4 exf4 14. Bxf4 Bd6 15. Bxd6 Qxd6 16. Qe1 Nh5 17. g4 Qg6 18. Qh4 Nf6 19. Nf4 Qh6 20. Qxh6 gxh6 21. Rf2 Re7 22. Raf1 Bd7 23. Nc4 Rd8 24. Ne2 {1-0 Siddharth,R (2348)-Surada Yashaswi Satya Gangadh (1464) 14th Chennai Open 2023-24 (1.14)}) ({RR} 9... Qd6 10. Ng3 g6 11. d4 Nd7 12. Be3 Bg7 13. c3 c5 14. dxe5 Qxd1 15. Raxd1 b6 16. Rfe1 Nxe5 17. Nxe5 Bxe5 18. f4 Bd6 19. e5 Be7 20. Bf2 Be6 21. a3 Rad8 22. Ne4 Kg7 23. g4 Bb3 24. Rxd8 {1-0 Boehnke,M-Pimmingstorfer,C Ruhrgebiet VL2 9798 1997}) 10. a4 c5 11. b3 Nd7 12. Nh2 Ra6 13. Bd2 Nb8 14. f4 exf4 15. Nxf4 Nc6 16. Bc3 Nd4 17. Qd2 Rf6 18. Nd5 Rg6 19. Nf4 Rf6 20. Nd5 Rg6 21. Nf4 Rf6 22. Nd5 1/2-1/2

[Event "Olympiad Women 2024"]
[Site "Budapest HUN"]
[Date "2024.09.16"]
[Round "6.11"]
[Board "2"]
[White "Newrkla, Katharina"]
[Black "Salimova, Nurgyul"]
[Result "1/2-1/2"]
[WhiteElo "2208"]
[BlackElo "2412"]
[PlyCount "86"]
[EventDate "2024.09.11"]
[WhiteTeam "Austria"]
[BlackTeam "Bulgaria"]
[WhiteTeamCountry "AUT"]
[BlackTeamCountry "BUL"]

1. e4 e5 2. Nf3 Nc6 3. Bb5 a6 4. Ba4 d6 5. O-O Bd7 6. c4 Bg4 7. h3 Bxf3 8. Qxf3 Nf6 9. d3 Nd7 10. Be3 g6 11. Nc3 ({RR} 11. Bxc6 bxc6 12. d4 Bg7 13. dxe5 Nxe5 14. Qe2 c5 15. Nc3 O-O 16. Rad1 Qh4 17. f4 Nc6 18. Nd5 Rae8 19. Qd3 Nb4 20. Nxb4 cxb4 21. Bd4 Bxd4+ 22. Qxd4 Re6 23. Rde1 Rfe8 24. Qa7 Qd8 25. Qxa6 d5 {½-½ Georgescu,L (2284)-Salimova,N (2412) 24th European Teams Women 2023 (3.5)}) 11... Bg7 12. b4 $146 ({RR} 12. Bxc6 bxc6 13. b4 Nf8 14. a4 Ne6 15. b5 Nd4 16. Bxd4 exd4 17. Ne2 cxb5 18. axb5 axb5 19. cxb5 O-O 20. Rxa8 Qxa8 21. Nf4 Qa3 22. Nd5 Qc5 23. Ne7+ Kh8 24. Rb1 Be5 25. g3 Kg7 26. Qd1 Bxg3 {½-½ Shuvalova,P (2483)-Stefanova,A (2413) Belt and Road Int Women 2024 (6.2)}) 12... Nd4 13. Bxd4 exd4 14. Bxd7+ Qxd7 15. Nd5 Qd8 16. c5 O-O 17. Rac1 dxc5 18. bxc5 c6 19. Nb6 Rb8 20. Qd1 Qe7 21. Qd2 Be5 22. Qb4 g5 23. Nc4 Rfd8 24. Nxe5 Qxe5 25. f4 gxf4 26. Qd2 Re8 27. Rxf4 Re6 28. Qf2 Rf8 29. Rf5 Qg7 30. Rb1 f6 31. Qxd4 Qe7 32. Qc4 Re8 33. e5 Kg7 34. exf6+ Rxf6 35. Rxf6 Kxf6 36. Qg4 Qxc5+ 37. d4 Qg5 38. Qd7 Re7 39. Qd8 Kg7 40. Rf1 Qe3+ 41. Kh2 Rf7 42. Rxf7+ Kxf7 43. Qd7+ Kg6 1/2-1/2

[Event "Olympiad Women 2024"]
[Site "Budapest HUN"]
[Date "2024.09.16"]
[Round "6.11"]
[Board "3"]
[White "Krasteva, Beloslava"]
[Black "Exler, Veronika"]
[Result "1/2-1/2"]
[WhiteElo "2295"]
[BlackElo "2176"]
[PlyCount "83"]
[EventDate "2024.09.11"]
[WhiteTeam "Bulgaria"]
[BlackTeam "Austria"]
[WhiteTeamCountry "BUL"]
[BlackTeamCountry "AUT"]

1. d4 Nf6 2. c4 g6 3. Nc3 d5 4. Nf3 Bg7 5. Bg5 Ne4 6. Bf4 Nxc3 7. bxc3 c5 8. cxd5 Qxd5 9. e3 cxd4 10. cxd4 Qa5+ 11. Qd2 Nc6 12. Be2 O-O 13. Qxa5 Nxa5 14. Ne5 ({RR} 14. O-O Be6 15. Rfc1 Rfc8 16. Nd2 Bd5 17. a4 e6 18. Bf3 Bxf3 19. gxf3 Bf8 20. Rab1 Ba3 21. Rd1 b6 22. Ne4 Nc4 23. h4 Kg7 24. Rb3 Be7 25. Rc3 a6 26. h5 b5 27. h6+ Kf8 28. axb5 axb5 {½-½ Gukesh,D (2725)-Rapport,R (2740) 85th Tata Steel Masters 2023 (5.7)}) ({RR} 14. O-O b6 15. Rac1 Be6 16. a3 Rfc8 17. h3 Rxc1 18. Rxc1 Rc8 19. Rxc8+ Bxc8 20. Ne5 g5 21. Bg3 f6 22. Nc4 Ba6 23. Nxa5 Bxe2 24. Nc6 a6 25. Nxe7+ Kf7 26. Nc8 b5 27. d5 Bf8 28. Nd6+ Ke7 {1-0 Porat,T (1689)-Rios Escobar,A (2234) Titled Tue 2nd Jan Late 2024 (11)}) 14... Be6 15. Bf3 f6 $146 ({RR} 15... Rfd8 16. O-O Rac8 17. Rfd1 Bd5 18. e4 Bc6 19. Bg4 Ba4 20. Re1 e6 21. d5 f5 22. exf5 gxf5 23. Bh5 exd5 24. Bf7+ Kf8 25. Be6 Rc5 26. Nd7+ Rxd7 27. Bxd7 Bxd7 28. Bd6+ Kg8 29. Bxc5 Bxa1 30. Rxa1 {1-0 Muradli,M (2449)-Kroell,F (2036) Charlotte CCCSA op 02 blitz 2021 (1)}) 16. Nd3 Bc4 17. Bc7 Nc6 18. Nb2 Bf7 19. O-O Rac8 20. Bg3 e5 21. dxe5 Nxe5 22. Bxe5 fxe5 23. Be4 Rfd8 24. Rfd1 Rxd1+ 25. Nxd1 b6 26. Kf1 Bf8 27. Ke2 Rc4 28. Bd3 Ra4 29. Nc3 Ra3 30. Nb5 Rxa2+ 31. Rxa2 Bxa2 32. Nxa7 Kf7 33. Nb5 Bd5 34. f3 Bb4 35. h4 h6 36. Nc7 Bb3 37. Be4 Bc4+ 38. Bd3 Bb3 39. Be4 Bc4+ 40. Kf2 Bd6 41. Bd5+ Ke7 42. Bxc4 1/2-1/2